Digging deep for practical answers on soil erosion (Record no. 74604)
[ view plain ]
| 000 -LEADER | |
|---|---|
| fixed length control field | 00842cab a2200217 4500 |
| 001 - CONTROL NUMBER | |
| control field | ABS68478 |
| 008 - FIXED-LENGTH DATA ELEMENTS--GENERAL INFORMATION | |
| fixed length control field | 041117n2004 000 0 eng u |
| 035 ## - SYSTEM CONTROL NUMBER | |
| System control number | (Sirsi) u128020 |
| 100 ## - MAIN ENTRY--PERSONAL NAME | |
| Personal name | Johnson, G. |
| 245 ## - TITLE STATEMENT | |
| Title | Digging deep for practical answers on soil erosion |
| 260 ## - PUBLICATION, DISTRIBUTION, ETC. | |
| Date of publication, distribution, etc. | 2004 |
| 490 ## - SERIES STATEMENT | |
| Series statement | Farmers' Weekly |
| Volume/sequential designation | 141(18) 29 October 2004, 74-77(4) |
| 520 ## - SUMMARY, ETC. | |
| Summary, etc. | Examines how the problem of soil erosion is being met in Devon where a combination of soil type and weather means the land is prone to erosion. Cross-compliance for the Single Payment Scheme means that farmers will need to apply a soil management plan by 2007. |
| 590 ## - LOCAL NOTE (RLIN) | |
| Local note | ABS |
| 650 ## - SUBJECT ADDED ENTRY--TOPICAL TERM | |
| Topical term or geographic name entry element | SOIL EROSION |
| 650 ## - SUBJECT ADDED ENTRY--TOPICAL TERM | |
| Topical term or geographic name entry element | FARMING PRACTICES |
| 650 ## - SUBJECT ADDED ENTRY--TOPICAL TERM | |
| Topical term or geographic name entry element | SOIL STABILISATION |
| 650 ## - SUBJECT ADDED ENTRY--TOPICAL TERM | |
| Topical term or geographic name entry element | SINGLE PAYMENT SCHEME |
| 690 ## - LOCAL SUBJECT ADDED ENTRY--TOPICAL TERM (OCLC, RLIN) | |
| Topical term or geographic name as entry element | RURAL-AGRICULTURE AND FORESTRY |
| 942 ## - ADDED ENTRY ELEMENTS (KOHA) | |
| Suppress in OPAC | 0 |
| Withdrawn status | Lost status | Source of classification or shelving scheme | Damaged status | Not for loan | Home library | Current library | Shelving location | Date acquired | Total Checkouts | Full call number | Barcode | Date last seen | Copy number | Price effective from | Koha item type |
|---|---|---|---|---|---|---|---|---|---|---|---|---|---|---|---|
| Dewey Decimal Classification | London | London | Journal article | 17/11/2004 | ABS68478 | 128020-1001 | 06/08/2019 | 1 | 06/08/2019 | Journal article |